03381nam a2200565Ia 45000010005000000080041000050100009000460410014000550820011000692450185000802600020002653000007002855200006002926300022002986300030003206300016003506300015003666300024003816500051004056900014004567000028004707000047004987000043005459010099005889020006006879030036006939040018007299050025007479060006007729070014007789080014007929090051008069100015008579110010008729120014008829130009008969140028009059150019009339160009009529170009009619180014009709190033009845201739010179210007027569220007027639230006027709240014027769420010027909990015028002045241029s9999 xx 000 0 und d a1916 aEspañol a9A-370 0aFactores que influyen en los trastornos de conductas delictivas que presentan adolescentes que ingresan al Instituto Preparatorio de Menores de San Cristóbal. Período 2006-2008 aSan Cristóbal a75 a1 aCrisis de Valores aDesintegración Familiar aEstudiantes aIncidencia aRendimiento Escolar aEjes Transversales (Contexto Social y Natural) aElaborado easesoraGarrido , Alba  eautoraAndújar Brioso, Vianela Esperanza eautoraVargas Ovando, Octaxi Rafelina  a{"1":"Andújar Brioso","2":"Vargas Ovando"}b{"1":"Vianela Esperanza","2":"Octaxi Rafelina "} a1 a{"1":"Garrido "}b{"1":"Alba "} aMaestría en aEnseñanza Superior a2 aNO APLICA aNO APLICA aUniversidad Autónoma de Santo Domingo (UASD) aNULLbNULL a["1"] aNO APLICA aNULL a01 de Diciembre de 2008 a17/07/15 03:07 aNULL aNULL aNO APLICA a["50","65","96","209","177"] aEl objetivo principal definido para la presente investigación fue analizar los factores que influyen en los trastornos de conductas delictivas que presentan adolescentes que ingresan al Instituto Preparatorio de Menores de San Cristóbal.La muestra estuvo conformada por 62 adolescentes internos, los demás integrantes de la muestra corresponden a individuos han realizado cursos técnicos ofertados por el mismo instituto y otras instituciones de apoyo, como INFOTEP, los Ministerios de Educación y de Salud Pública, entre otras. La población total fue de 100 sujetos; el tipo de muestra fue intencional.Dentro de los hallazgos de esta investigación se encuentran, el factor familiar como el de mayor influencia en los problemas de trastornos de conducta delictiva de estos adolescentes. Se comprobó que los lazos afectivos de las familias se encuentran afectados por la falta de apoyo emocional por parte de los padres. Por otro lado, la falta de amor, comprensión y un espacio para compartir e interactuar con los padres, la ausencia de ambos padres o de uno de ellos y un bajo nivel de ingresos en las familias, hace que los niños, a temprana edad, tengan que salir a las calles a trabajar para aportar al sustento de la familia.El estudio plantea dentro de sus recomendaciones: que es necesaria la habilitación de un Departamento Social para eficientizar el trabajo con los adolescentes que presentan este tipo de trastorno, implementar una propuesta de intervención, sugerida en esta tesis, como una valiosa herramienta para el tratamiento o rehabilitación de estos internos y crear herramientas necesarias para fortalecer las relaciones afectivas entre los miembros de las familias de estos jóvenes. a16 a16 a0 aNO APLICA cTesis c1916d1916